Educación cívica i /
Guardado en:
| Autor Principal: | |
|---|---|
| Formato: | Libro |
| Publicado: |
Buenos Aires :
Estrada,
1993
|
| Edición: | 5a. ed. |
| Materias: | |
| Etiquetas: |
Agregar Etiqueta
Sin Etiquetas, Sea el primero en etiquetar este registro!
|
| LEADER | 01063nam a22002535a 4500 | ||
|---|---|---|---|
| 001 | CEM.cems007209 | ||
| 005 | 20090416101424.0 | ||
| 008 | 130507s1993##################000#0#####d | ||
| 003 | CEMS | ||
| 020 | |a 9500102307 | ||
| 082 | 0 | 4 | |a 320 |
| 100 | 1 | |a Bidart Campos, Germán José | |
| 245 | 1 | 0 | |a Educación cívica i / |c Germán José Bidart Campos |
| 250 | |a 5a. ed. | ||
| 260 | |a Buenos Aires : |b Estrada, |c 1993 | ||
| 300 | |a 116 p. | ||
| 500 | |a Para primer año del Ciclo Básico, Escuelas de Comercio y de Educación Técnica | ||
| 505 | 0 | |a El hombre y su dignidad humana -- Relaciones morales, culturales y religiosas -- La familia: sociedad natural, primera y necesaria -- Integrantes de la familia -- Deberes familiares -- La escuela -- La comunidad vecinal -- El municipio -- Las provincias | |
| 653 | |a Educación cívica | ||
| 653 | |a Educación cívica-1er. año | ||
| 653 | |a Educación cívica-egb | ||
| 653 | |a Educación cívica-educación secundaria | ||
| 859 | |a CEMS |b BIB. CEMS - 11 de abril |h 320 |i B473a5 |p 16987.93 |t Ej.1 |v I |3 I | ||
| 859 | |a CEMS |b BIB. CEMS | ||
